Sul buon uso della lentezza /

সংরক্ষণ করুন:
গ্রন্থ-পঞ্জীর বিবরন
প্রধান লেখক: Sansot, Pierre (লেখক)
অন্যান্য লেখক: Bongiovanni, Chiara
বিন্যাস: গ্রন্থ
ভাষা:ইতালিয়
প্রকাশিত: Milano : Pratiche, \1999!
মালা:Nuovi saggi
বিষয়গুলি:
ট্যাগগুলো: ট্যাগ যুক্ত করুন
কোনো ট্যাগ নেই, প্রথমজন হিসাবে ট্যাগ করুন!

MARC

LEADER 00000nam a2200000 i 4500
001 IT\ICCU\REA\0046225
003 ItRI
005 20260115231922.0
008 990702s1999 it |||||| ||||| |||||c
015 |2 IT  |a 2000-9127 
020 |a 8873806449 
040 |b ita  |c importazione bologna sebina 
041 7 |a ita  |2 ISO-639-2 
082 |a 848.91408  |9 SCRITTI MISCELLANEI FRANCESI. 1945-. Scritti in prosa  |2 21 
100 1 |a Sansot, Pierre  |0 IT\ICCU\LO1V\002071  |4 aut 
240 1 0 |a Du bon usage de la lenteur  |3 IT\ICCU\CFI\0480916  |9 Sansot, Pierre 
245 1 0 |a Sul buon uso della lentezza /  |c Pierre Sansot ; traduzione di Chiara Bongiovanni. 
260 |a Milano :  |b Pratiche,  |c \1999! 
300 |a 219 p. ;  |c 20 cm. 
650 7 |a COMPORTAMENTO  |x ASPETTI SOCIALI  |2 scbi 
700 1 |a Bongiovanni, Chiara  |0 IT\ICCU\TO0V\290615 
790 1 |a Bongiovanni Bertini, Chiara  |3 IT\ICCU\MODV\616201  |z Bongiovanni, Chiara 
830 0 |a Nuovi saggi  |0 IT\ICCU\RAV\0293195 
942 |2 ddc  |c BK  |n 0 
952 |0 0  |1 0  |4 0  |6 DOC_848_914000000000000_SAN  |7 0  |9 16500  |a BO  |b BO  |d 2026-01-15  |i 11092  |l 0  |o DOC 848.914 SAN  |p BO11092  |r 2026-01-15 23:19:22  |w 2026-01-15  |x [Sebina 5] [1 v.]  |y BK  |z 1 v. 
999 |c 14138  |d 14138